Word Scramble - VCT Champions 2024 Players #4 - Statistics

General Stats
  • This quiz has been taken 257 times
  • The average score is 12 of 16
Answer Stats
Hint Answer % Correct
tex tex
100%
bzuz BuZz
99%
abn ban
98%
atm mta
96%
nalyv valyn
96%
ateh heat
88%
sneir RieNs
85%
iochenrcl Chronicle
78%
enhph nephh
76%
mnrlfai MrFaliN
74%
kanor Karon
72%
lilessz Zellsis
57%
gyosgm Smoggy
56%
obydon nobody
54%
tanuum Autumn
52%
tkhngi Knight
48%
No matching quizzes found
Score Distribution
Percent of People with Each Score
Percentile by Number Answered
Your Score History
You have not taken this quiz